00299nam a2200133Ia 45000030006000000080041000060400015000471000018000622450016000802600036000963000006001325460010001380050017001480STCL150530s9999 xx 000 0 und d aSTCLcSTCL aDronvir Kholi aTappar Gadi bRajkamal Prakashan; Delhic1979 a0 aHindi20220125171253.0